Score 0/14 Timer 03:00
0 Plays Today
Question Answer % Correct
Name any European airline flying in or out (no code shares or charters):Norwegian, Icelandair, KLM, SAS...
95.9%
How many terminals are there?Yes, two.
88.8%
The airport is a hub for...(name one airline)?Finnair, Norwegian...
88.8%
When does the earliest restaurant open or the latest close (even hours, just a number 1-24)?Earliest at Gate 14, latest at Terminal2 Arrivals hall 2B.
86.7%
Name one of the top 5 not-Finnish cities flown to from HEL:Those are in Sweden, Norway, Denmark, Latvia, UK
82.7%
In which city is Helsinki Airport actually located?Vantaa
78.6%
Name any code share airline flying in or out (code share only):Singapore Airlines, United Airlines...
77.6%
Question Answer % Correct
How to get in or out the airport (name a public transportation vehicle)?Bus and Taxi.
77.6%
Name one of the top 5 Finnish cities flown to from HEL:All north from there...
73.5%
Which year did Helsinki Airport open (tip: Olympics)?1952
68.4%
How many ATMs are there?High...
59.2%
Name any non-European airline flying in or out (no code shares or charters):Turkish Airlines, Japan Airlines...
42.9%
Name any charter airline flying in or out:Thomas Cook, TUIfly Nordic...
32.7%
What is the airport surface made of?Asphalt.
31.6%
Remove Ads.
Support Sporcle.
Get the best of Sporcle when you Go Orange. This ad-free experience offers more features, more stats, and more fun while also helping to support Sporcle. Thank you for becoming a member.

You're not logged in!

Compare scores with friends on all Sporcle quizzes.
OR
Log In

Show Comments

Extras

Top Quizzes Today


Score Distribution

Your Account Isn't Verified!

In order to create a playlist on Sporcle, you need to verify the email address you used during registration. Go to your Sporcle Settings to finish the process.

Report this User

Report this user for behavior that violates our Community Guidelines.

Details: